Une famille en Or version quiz Jetpunk #3 - Statistiques

Statistiques générales
  • Ce quiz a été pris 284 fois
  • Le résultat moyen est 131 sur 280
Statistiques - réponses
Quiz Réponse % % Correct
Drapeaux du Monde France 96%
98%
Drapeaux du Monde France
98%
Drapeaux du Monde France
98%
Drapeaux du Monde France
98%
Drapeaux du Monde France
98%
Drapeaux du Monde États Unis 98%
92%
Drapeaux du Monde États Unis
92%
Drapeaux du Monde États Unis
92%
Drapeaux du Monde États Unis
92%
Drapeaux du Monde États Unis
92%
Drapeaux du Monde États Unis
92%
Drapeaux du Monde États Unis
92%
Pays d'Afrique Maroc 98%
92%
Pays d'Afrique Maroc
92%
Pays d'Afrique Maroc
92%
Pays d'Afrique Maroc
92%
Pays d'Afrique Maroc
92%
Pays d'Afrique Maroc
92%
Pays d'Afrique Algérie 98%
91%
Pays d'Afrique Algérie
91%
Pays d'Afrique Algérie
91%
Pays d'Afrique Algérie
91%
Pays d'Afrique Algérie
91%
Pays d'Afrique Algérie
91%
Pays d'Afrique Algérie
91%
Présidents des États-Unis Donald Trump 99%
84%
Présidents des États-Unis Donald Trump
84%
Présidents des États-Unis Donald Trump
84%
Présidents des États-Unis Donald Trump
84%
Présidents des États-Unis Donald Trump
84%
Présidents des États-Unis Donald Trump
84%
Présidents des États-Unis Donald Trump
84%
Départements français Paris 81%
83%
Départements français Paris
83%
Départements français Paris
83%
Départements français Paris
83%
Départements français Paris
83%
Départements français Paris
83%
100 plus grandes villes du Monde sur une carte Paris 98%
83%
100 plus grandes villes du Monde sur une carte Paris
83%
100 plus grandes villes du Monde sur une carte Paris
83%
100 plus grandes villes du Monde sur une carte Paris
83%
100 plus grandes villes du Monde sur une carte Paris
83%
100 plus grandes villes du Monde sur une carte Paris
83%
100 plus grandes villes du Monde sur une carte Paris
83%
Présidents des États-Unis Barack Obama 98%
81%
Présidents des États-Unis Barack Obama
81%
Présidents des États-Unis Barack Obama
81%
Présidents des États-Unis Barack Obama
81%
Présidents des États-Unis Barack Obama
81%
Présidents des États-Unis Barack Obama
81%
Pays d'Afrique Égypte 95%
77%
Pays d'Afrique Égypte
77%
Pays d'Afrique Égypte
77%
Pays d'Afrique Égypte
77%
Pays d'Afrique Tunisie 94%
77%
Pays d'Afrique Tunisie
77%
Pays d'Afrique Tunisie
77%
Pays d'Afrique Afrique du Sud 95%
76%
Pays d'Afrique Afrique du Sud
76%
Pays d'Afrique Afrique du Sud
76%
Pays d'Afrique Afrique du Sud
76%
Pays d'Afrique Afrique du Sud
76%
Pays d'Afrique République Démocratique du Congo 93%
71%
Pays d'Afrique République Démocratique du Congo
71%
Drapeaux du Monde Japon 92%
70%
Les 151 Pokemon de la Première Génération Pikachu 94%
70%
Les 151 Pokemon de la Première Génération Pikachu
70%
Les 151 Pokemon de la Première Génération Pikachu
70%
Les 151 Pokemon de la Première Génération Pikachu
70%
Les 151 Pokemon de la Première Génération Pikachu
70%
Drapeaux du Monde Italie 95%
69%
Drapeaux du Monde Italie
69%
Drapeaux du Monde Italie
69%
Drapeaux du Monde Royaume Uni 96%
69%
Drapeaux du Monde Royaume Uni
69%
Drapeaux du Monde Royaume Uni
69%
Drapeaux du Monde Royaume Uni
69%
Pays d'Afrique République du Congo 92%
68%
100 plus grandes villes du Monde sur une carte New York 95%
64%
100 plus grandes villes du Monde sur une carte New York
64%
100 plus grandes villes du Monde sur une carte New York
64%
100 plus grandes villes du Monde sur une carte New York
64%
100 plus grandes villes du Monde sur une carte New York
64%
Instruments dans un Orchestre Symphonique Violon 100%
63%
Instruments dans un Orchestre Symphonique Violon
63%
Instruments dans un Orchestre Symphonique Violon
63%
Instruments dans un Orchestre Symphonique Violon
63%
Instruments dans un Orchestre Symphonique Violon
63%
Instruments dans un Orchestre Symphonique Violon
63%
Instruments dans un Orchestre Symphonique Violon
63%
Drapeaux du Monde Canada 96%
62%
Drapeaux du Monde Canada
62%
Drapeaux du Monde Canada
62%
Drapeaux du Monde Canada
62%
Drapeaux du Monde Canada
62%
Drapeaux du Monde Canada
62%
Présidents des États-Unis George Washington 84%
61%
Présidents des États-Unis George Washington
61%
Présidents des États-Unis George H.W. Bush 85%
59%
Présidents des États-Unis George H.W. Bush
59%
Présidents des États-Unis George H.W. Bush
59%
Présidents des États-Unis George H.W. Bush
59%
Présidents des États-Unis George W. Bush 85%
59%
Présidents des États-Unis George W. Bush
59%
Présidents des États-Unis George W. Bush
59%
100 plus grandes villes du Monde sur une carte Tokyo 90%
55%
100 plus grandes villes du Monde sur une carte Tokyo
55%
100 plus grandes villes du Monde sur une carte Londres 94%
51%
100 plus grandes villes du Monde sur une carte Londres
51%
100 plus grandes villes du Monde sur une carte Londres
51%
100 plus grandes villes du Monde sur une carte Londres
51%
Les 151 Pokemon de la Première Génération Salamèche 95%
50%
Les 151 Pokemon de la Première Génération Salamèche
50%
Les 151 Pokemon de la Première Génération Salamèche
50%
Les 151 Pokemon de la Première Génération Salamèche
50%
Les 151 Pokemon de la Première Génération Salamèche
50%
Les 151 Pokemon de la Première Génération Salamèche
50%
Les 151 Pokemon de la Première Génération Salamèche
50%
Présidents des États-Unis Joe Biden 96%
48%
Présidents des États-Unis Joe Biden
48%
Présidents des États-Unis Joe Biden
48%
Présidents des États-Unis Joe Biden
48%
Présidents des États-Unis Joe Biden
48%
Instruments dans un Orchestre Symphonique Flute 96%
47%
Instruments dans un Orchestre Symphonique Flute
47%
Instruments dans un Orchestre Symphonique Flute
47%
Instruments dans un Orchestre Symphonique Flute
47%
Instruments dans un Orchestre Symphonique Flute
47%
Présidents des États-Unis John F. Kennedy 83%
47%
Länder d'Allemagne - Quiz Berlin 91%
46%
Länder d'Allemagne - Quiz Berlin
46%
Länder d'Allemagne - Quiz Berlin
46%
Länder d'Allemagne - Quiz Berlin
46%
Länder d'Allemagne - Quiz Berlin
46%
Länder d'Allemagne - Quiz Berlin
46%
Les 151 Pokemon de la Première Génération Bulbizarre 93%
43%
Les 151 Pokemon de la Première Génération Bulbizarre
43%
Les 151 Pokemon de la Première Génération Bulbizarre
43%
Les 151 Pokemon de la Première Génération Bulbizarre
43%
Instruments dans un Orchestre Symphonique Violoncelle 94%
43%
Instruments dans un Orchestre Symphonique Violoncelle
43%
Départements français Nord 79%
42%
Départements français Nord
42%
Départements français Nord
42%
Départements français Nord
42%
Départements français Nord
42%
Les 151 Pokemon de la Première Génération Carapuce 92%
41%
Les 151 Pokemon de la Première Génération Carapuce
41%
Les 151 Pokemon de la Première Génération Carapuce
41%
Drapeaux du Monde Australie 93%
40%
Drapeaux du Monde Australie
40%
Instruments dans un Orchestre Symphonique Trompette 97%
39%
Instruments dans un Orchestre Symphonique Trompette
39%
Instruments dans un Orchestre Symphonique Trompette
39%
Instruments dans un Orchestre Symphonique Trompette
39%
Instruments dans un Orchestre Symphonique Trompette
39%
Instruments dans un Orchestre Symphonique Trompette
39%
Les albums de Tintin Tintin au Congo 93%
36%
Les albums de Tintin Tintin au Congo
36%
Les albums de Tintin Tintin au Congo
36%
Les albums de Tintin Tintin au Congo
36%
Les albums de Tintin Tintin au Congo
36%
Les albums de Tintin Tintin au Congo
36%
Les albums de Tintin Tintin au Congo
36%
100 plus grandes villes du Monde sur une carte Madrid 95%
33%
100 plus grandes villes du Monde sur une carte Madrid
33%
100 plus grandes villes du Monde sur une carte Madrid
33%
100 plus grandes villes du Monde sur une carte Madrid
33%
100 plus grandes villes du Monde sur une carte Madrid
33%
100 plus grandes villes du Monde sur une carte Madrid
33%
Les 151 Pokemon de la Première Génération Dracaufeu 94%
32%
Les 151 Pokemon de la Première Génération Dracaufeu
32%
Les 151 Pokemon de la Première Génération Dracaufeu
32%
Les 151 Pokemon de la Première Génération Dracaufeu
32%
Les 151 Pokemon de la Première Génération Dracaufeu
32%
Les 151 Pokemon de la Première Génération Dracaufeu
32%
100 plus grandes villes du Monde sur une carte Los Angeles 89%
32%
Les 151 Pokemon de la Première Génération Tortank 91%
30%
Les 151 Pokemon de la Première Génération Tortank
30%
Vainqueurs du Tour de France Tadej Pogačar 94%
29%
Vainqueurs du Tour de France Tadej Pogačar
29%
Vainqueurs du Tour de France Tadej Pogačar
29%
Vainqueurs du Tour de France Tadej Pogačar
29%
Vainqueurs du Tour de France Tadej Pogačar
29%
Vainqueurs du Tour de France Tadej Pogačar
29%
Vainqueurs du Tour de France Tadej Pogačar
29%
Départements français Ain 79%
28%
Départements français Ain
28%
Départements français Ain
28%
Départements français Ain
28%
Länder d'Allemagne - Quiz Bavière 93%
28%
Länder d'Allemagne - Quiz Bavière
28%
Länder d'Allemagne - Quiz Bavière
28%
Länder d'Allemagne - Quiz Bavière
28%
Länder d'Allemagne - Quiz Bavière
28%
Länder d'Allemagne - Quiz Bavière
28%
Länder d'Allemagne - Quiz Bavière
28%
Vainqueurs du Tour de France Lance Armstrong 90%
28%
Vainqueurs du Tour de France Lance Armstrong
28%
Vainqueurs du Tour de France Lance Armstrong
28%
Vainqueurs du Tour de France Lance Armstrong
28%
Vainqueurs du Tour de France Lance Armstrong
28%
100 plus grandes villes du Monde sur une carte Moscou 90%
28%
100 plus grandes villes du Monde sur une carte Moscou
28%
100 plus grandes villes du Monde sur une carte Moscou
28%
Départements français Loire 83%
24%
Départements français Loire
24%
Départements français Loire
24%
Départements français Loire
24%
Départements français Loire
24%
Départements français Loire
24%
Départements français Loire
24%
Instruments dans un Orchestre Symphonique Saxophone 93%
22%
Les albums de Tintin Tintin au Tibet 74%
20%
Les albums de Tintin Tintin au Tibet
20%
Les albums de Tintin Tintin au Tibet
20%
Les albums de Tintin Tintin au Tibet
20%
Les albums de Tintin Tintin au Tibet
20%
Les albums de Tintin Tintin au Tibet
20%
Vainqueurs du Tour de France Christopher Froome 91%
19%
Vainqueurs du Tour de France Christopher Froome
19%
Vainqueurs du Tour de France Christopher Froome
19%
Vainqueurs du Tour de France Christopher Froome
19%
Vainqueurs du Tour de France Christopher Froome
19%
Vainqueurs du Tour de France Christopher Froome
19%
Les albums de Tintin On a marché sur la Lune 69%
19%
Les albums de Tintin On a marché sur la Lune
19%
Instruments dans un Orchestre Symphonique Triangle 94%
19%
Instruments dans un Orchestre Symphonique Triangle
19%
Instruments dans un Orchestre Symphonique Triangle
19%
Les albums de Tintin Objectif Lune 72%
18%
Les albums de Tintin Objectif Lune
18%
Les albums de Tintin Objectif Lune
18%
Les albums de Tintin Objectif Lune
18%
Les albums de Tintin Objectif Lune
18%
Les 151 Pokemon de la Première Génération Florizarre 87%
16%
Instruments dans un Orchestre Symphonique Harpe 96%
15%
Instruments dans un Orchestre Symphonique Harpe
15%
Instruments dans un Orchestre Symphonique Harpe
15%
Instruments dans un Orchestre Symphonique Harpe
15%
Vainqueurs du Tour de France Jonas Vingegaard 89%
15%
Vainqueurs du Tour de France Jonas Vingegaard
15%
Vainqueurs du Tour de France Jonas Vingegaard
15%
Vainqueurs du Tour de France Jonas Vingegaard
15%
Les albums de Tintin Le Lotus Bleu 69%
15%
Les albums de Tintin Les bijoux de la Castafiore 69%
13%
Les albums de Tintin Les bijoux de la Castafiore
13%
Les albums de Tintin Les bijoux de la Castafiore
13%
Les albums de Tintin Tintin en Amérique 72%
13%
Les albums de Tintin Tintin en Amérique
13%
Les albums de Tintin Tintin en Amérique
13%
Les albums de Tintin Tintin en Amérique
13%
Vainqueurs du Tour de France Alberto Contador 83%
12%
Vainqueurs du Tour de France Alberto Contador
12%
Vainqueurs du Tour de France Alberto Contador
12%
Départements français Guadeloupe 76%
11%
Départements français Guadeloupe
11%
Länder d'Allemagne - Quiz Hambourg 77%
10%
Länder d'Allemagne - Quiz Hambourg
10%
Länder d'Allemagne - Quiz Hambourg
10%
Länder d'Allemagne - Quiz Hambourg
10%
Länder d'Allemagne - Quiz Hambourg
10%
Départements français La Réunion 77%
10%
Départements français La Réunion
10%
Départements français La Réunion
10%
Départements français Guyane 76%
8%
Länder d'Allemagne - Quiz Saxe 71%
8%
Länder d'Allemagne - Quiz Saxe
8%
Länder d'Allemagne - Quiz Saxe
8%
Länder d'Allemagne - Quiz Saxe
8%
Länder d'Allemagne - Quiz Bade Wurtemberg 57%
6%
Länder d'Allemagne - Quiz Brême 61%
6%
Länder d'Allemagne - Quiz Brême
6%
Länder d'Allemagne - Quiz Brême
6%
Vainqueurs du Tour de France Vincenzo Nibali 80%
5%
Vainqueurs du Tour de France Vincenzo Nibali
5%
Vainqueurs du Tour de France Egan Bernal 78%
4%
Länder d'Allemagne - Quiz Sarre 60%
2%
Länder d'Allemagne - Quiz Sarre
2%
Aucun quiz correspondant
Distribution des résultats
% des personnes avec chaque résultat
Percentile par nombre de réponses
Votre historique - résultats
Vous n’avez pas pris ce quiz